000 01016mam a2200325 a 4500
001 3174469
003 ARRUPE
005 20160905095117.0
008 010927s2001 enk 000 1 eng d
015 _aGBA1-V2423
020 _a0435912097
035 _a(OCoLC)ocm48110567
035 _a(NNC)3174469
040 _aUKM
_cUKM
_dBUF
_dNNC
041 1 _aengpor
043 _af-mz---
050 _aPR9408.M87M6N4 2001
082 0 4 _a869
_221
090 _aPQ9939.M66
_bN413 2001
100 1 _aMomplé, Lilia,
_d1935-
_912306
240 1 0 _aNeighbours.
_lEnglish
245 1 0 _aNeighbours :
_bthe story of a murder /
_cLilia Momplé ; translated from the Portuguese by Richard Bartlett and Isaura Oliviera.
260 _aOxford ;
_aPortsmouth, NH, USA :
_bHeinemann,
_c2001.
300 _a134 p. ;
_c20 cm.
490 1 _aAfrican writers series
651 0 _aMozambique
_xSocial conditions
_y20th century
_vFiction.
_912307
830 0 _aAfrican writers series.
_93197
942 _2lcc
_cMONOGRAPH
999 _c121153
_d121153